| 000 | 01427nam a2200337 i 4500 | ||
|---|---|---|---|
| 003 | CO-BoRNBP | ||
| 005 | 20250127083820.0 | ||
| 007 | ta | ||
| 008 | 250127s2020 Uy a|||| |||| 00| 0 spa d | ||
| 020 | _a9789915651392 | ||
| 040 |
_aCO-BoRNBP _bspa _cCO-BoRNBP _erda |
||
| 041 | _aspa | ||
| 082 | _a507.8 W34c | ||
| 100 | 1 |
_aWillow, Marnie _eautor _957732 |
|
| 245 |
_aCiencia loca y divertida: _b30 experimentos para que hagas en tu propia casa/ _cMarnie Willow; traducción, Equipo Editorial Latinbooks; ilustraciones, Teemu Juhani |
||
| 250 | _aPrimera edición | ||
| 264 | 4 |
_aMontevideo, Uruguay, _b©Latinbooks _c2020 |
|
| 300 |
_a64 páginas, _bilustraciones a color, tapa dura, _calto 26 cm ancho 23 cm |
||
| 336 |
_2rdacontent _atexto _btxt |
||
| 337 |
_2rdamedia _asin mediación _bn |
||
| 338 |
_2rdacarrier _avolumen _bnc |
||
| 490 | _aPequeños genios | ||
| 520 | _aDescubre cómo construir un paracaídas para tus muñecos y un cohete con una botella; atrapa insectos, fabrica slime y mucho más. ¡Vamos a explorar la ciencia detrás de las cosas que nos rodean todos los días! 30 experimentos para que hagas en tu propia casa. | ||
| 650 |
_2LEMB _aLibro didáctico _957733 |
||
| 650 |
_2LEMB _aCiencias para niños _957734 |
||
| 650 |
_2LEMB _aExperimentos caseros _957735 |
||
| 650 |
_2LEMB _aBiología _917382 |
||
| 650 |
_2LEMB _aQuímica _910461 |
||
| 650 |
_2LEMB _aFísica _910460 |
||
| 942 |
_2ddc _cBKINF |
||
| 999 |
_c56835 _d56835 |
||